| 000 | 00864cam a2200265 4500 | ||
|---|---|---|---|
| 008 | #DATE n2000 000 0 eng u | ||
| 020 | _a190328709X | ||
| 035 | _a(Sirsi) u115383 | ||
| 041 | _aeng | ||
| 050 | _a697 | ||
| 110 |
_aChartered Institution of Building Services Engineers _92360 |
||
| 245 | _aTransportation systems in buildings : CIBSE guide D : | ||
| 250 | _a2nd ed. | ||
| 260 |
_aLondon _bCIBSE _c2000 |
||
| 300 |
_a1v. _fvarious pagings _bill. _c30cm. |
||
| 350 | _a80.00 | ||
| 490 |
_aCIBSE Guide _vD |
||
| 520 | _aA revised edition of this guide for those involved with the design, installation and commissioning of lifts and escalators. | ||
| 520 | _aSuperseded by third edition (ISBN 1903287618) | ||
| 650 |
_aBlock management _96220 |
||
| 650 | _aESCALATORS | ||
| 650 | _aLIFTS | ||
| 690 |
_aBlock management _96220 |
||
| 942 | _n0 | ||
| 999 |
_c101752 _d101752 |
||